000 01103nam0a22002411i 4500
001 rc\1071974
005 20240723220234.0
035 _a(NLR Aleph) 006231775
090 _a6579534
_c6579534
100 _a20041129d1980 u |0rusy50 ca
101 0 _arus
102 _aRU
105 _aa |||||||||
200 1 _aИсследование и регулирование гидрофильных и структурно-механических свойств лессовидных суглинков Западной Сибири
_e(Для пр-ва строит. кирпича)
_eАвтореф. дис. на соиск. учен. степ. канд. техн. наук
_e(05.23.05)
210 _aНовосибирск
_d1980
215 _a21 с.
_cграф.
300 _aВ надзаг.: Новосиб. инж.-строит. ин-т им. В.В. Куйбышева
320 _aБиблиогр.: с. 20-21 (8 назв.)
700 1 _aШелегов
_bВ.Г.
_gВладимир Георгиевич
801 0 _aRU
_bNLR
_gpsbo
801 1 _aRU
_bELAR
_2rusmarc
852 _aNLR
_j81-4/12167
942 _cBOOK